Motives for writing / (Record no. 12609)

000 -LEADER
fixed length control field 00920cam a2200229Ia 4500
020 ## - INTERNATIONAL STANDARD BOOK NUMBER
ISBN 0072982861 (alk. paper)
020 ## - INTERNATIONAL STANDARD BOOK NUMBER
ISBN 9780072982862 (alk. paper)
020 ## - INTERNATIONAL STANDARD BOOK NUMBER
ISBN 9780073221540
020 ## - INTERNATIONAL STANDARD BOOK NUMBER
ISBN 0073221546
040 ## - CATALOGING SOURCE
Transcribing agency EDK
082 ## - DEWEY DECIMAL CLASSIFICATION NUMBER
Classification number 808 MCG 2006 A092 Or.
245 00 - TITLE STATEMENT
Title Motives for writing /
250 ## - EDITION STATEMENT
Edition statement 5th ed
260 ## - PUBLICATION, DISTRIBUTION, ETC. (IMPRINT)
Place of publication Boston, MA :
Name of publisher McGraw-Hill,
Year of publication 2006
300 ## - PHYSICAL DESCRIPTION
Number of Pages xxvi, 710 p. :
Other physical details ill. ;
Dimensions 23 cm
520 ## - SUMMARY, ETC.
Summary, etc From the Publisher: This collection of primarily contemporary readings is organized around the various rhetorical purposes that motivate writers. Including detailed guides to writing motives such as Analyzing Texts, Analyzing Images, and Writing Arguments, this text provides a rhetorically grounded approach to academic writing and research
650 #0 - SUBJECT ADDED ENTRY--TOPICAL TERM
Topical Term College readers
650 #0 - SUBJECT ADDED ENTRY--TOPICAL TERM
Topical Term Report writing
650 #0 - SUBJECT ADDED ENTRY--TOPICAL TERM
Topical Term English language
700 1# - ADDED ENTRY--PERSONAL NAME
Personal name Miller, Robert Keith,
942 ## - ADDED ENTRY ELEMENTS (KOHA)
Koha item type សៀវភៅភាសាអង់គ្លេស
952 ## - LOCATION AND ITEM INFORMATION (KOHA)
Withdrawn status [LOCAL, KOHA] 0
Holdings
Permanent Location Date acquired Koha item type Lost status Shelving location Barcode Current Location Full call number
Library Block A2017-08-15សៀវភៅភាសាអង់គ្លេស A094A14756Library Block A808 MCG 2006 A094 Or.
មជ្ឈមណ្ឌលឯការនៃសាកលវិទ្យាល័យភូមិន្ទកសិកម្មចំការដូង

Powered by Koha